000 00966nam a2200265Ia 4500
003 OSt
005 20220923215600.0
006 a|||||r|||| 00| 0
007 ta
008 220922b |||||||| |||| 00| 0 hin d
024 _a179,989
037 _cTextual
040 _aARTS
_cARTS
_bhin
041 _2hin
_ahin
082 _aO152,1N5:g, L5
100 _aद्विवेदी, गोविंद
245 0 _aनई कविता में बिंब का वस्तुगत परिप्रेक्ष्य
246 _aNaī kavitā mean bianba kā vastugat pariprekṣhya
260 _aदिल्ली
_b मैकमिलन कम्पनी
_c1975
300 _a222पृ.
_ccm.
650 _a हिन्दी कविता
650 _aहिन्दी साहित्य
_9156264
942 _hO152,1N5:g, L5
_cTEXL
_2CC
999 _c333370
_d333370